000 00609nam a22001577a 4500
003 OSt
005 20151112133542.0
008 151112b xxu||||| |||| 00| 0 eng d
040 _cRUA
082 _aFOR HUN 2007 B134 Or.1
100 _93601
_aHUN, SAMOEUN.
245 _aThe study on rattan market along nation road 4 in koh kong province, ការសិក្សាទីផ្សារផ្ដៅតាមបណ្ដោយផ្លូវជាតិលេខ៤ ក្នុងខេត្តកោះកុង
260 _aPhnom Penh
_bRUA
_c2007
300 _axiv; 72p.
_bill.
_c29cm.
942 _2ddc
_cFOR
999 _c3352
_d3352